000 00316nam a22001337a 4500
008 190305b xxu||||| |||| 00| 0 eng d
020 _a9781416042242
041 _aeng
080 _26th
_a610
100 _a4
101 _aSHM
245 _aCreasy & Resnik's Maternal-Fetal Medicine
_cCreasy, R.K
942 _2udc
_cBK
999 _c54553
_d54553